Logo BPK

Biblioteka

Politechniki Koszalińskiej

Nonlinear Programming: (Rekord nr 27793)

Szczegóły MARC
000 -ETYKIETA REKORDU
podpole kontrolne o stałej długości 00555nam a2200181 i 4500
001 - NUMER KONTROLNY REKORDU
pole kontrolne bg
040 ## - ŹRÓDŁO KATALOGOWANIA
Instytucja, która utworzyła rekord BPK
041 ## - KOD JĘZYKA
Kod języka tekstu pol
080 ## - UNIWERSALNA KLASYFIKACJA DZIESIĘTNA - UKD
UKD 65.012:519.853
008 - POLE O STAŁEJ DŁUGOŚCI - DANE KONTROLNE
podpole kontrolne o stałej długości s pl f |000 0 pol
100 1# - NAZWA OSOBOWA
Nazwa osobowa FIACCO, Anthony V.
245 10 - TYTUŁ/ODPOWIEDZIALNOŚĆ
Tytuł Nonlinear Programming:
Ciąg dalszy tytułu Sequential Unconstrainel Minimization Techniques /
Pozostałe elementy strefy tytułu i oznaczenia odpowiedzialności Anthony V. Fiacco, Garth P. M[a]cCormick.
260 ## - STREFA ADRESU WYDAWNICZEGO
Miejsce wydania New York :
Nazwa wydawcy/dystrybutora John Wiley and Sons,
Data publikacji, dystrybucji/powstania dokumentu 1968.
300 ## - STREFA OPISU FIZYCZNEGO
Objętość XIV, 210 s. :
Inne cechy fizyczne rys., tab.
504 ## - UWAGA DOTYCZĄCA BIBLIOGRAFII
Informacje o bibliografii Bibliogr. s. 196-201.
700 1# - HASŁO DODATKOWE - NAZWA OSOBOWA
Nazwa osobowa MacCORMICK, Garth P.
856 ## - LOKALIZACJA I DOSTĘP DO ELEKTRONICZNYCH DOKUMENTÓW ZDALNYCH
Link (URL) http://koha.tu.koszalin.pl/cgi-bin/koha/opac-detail.pl?biblionumber=27793
Tekst linku Katalog online BPK
942 ## - DODATKOWE ELEMENTY (KOHA)
Typ dokumentu Książka
Egzemplarze
Wycofany Status egzemplarza Uszkodzony Dostępność Lokalizacja stała Lokalizacja bieżąca Miejsce przechowywania Sygnatura Kod kreskowy Typ dokumentu
      Dostępny Biblioteka Politechniki Koszalińskiej Biblioteka Politechniki Koszalińskiej Wypożyczalnia BG 22847 01928051 Książka
© 2023 Biblioteka Politechniki Koszalińskiej :: KOHA